00849nam a2200241 a 4500001001000000005001700010008004100027041000800068044000800076050001700084245006500101260004100166300004300207500000800250500005000258500003400308500007200342650003500414650001900449650005500468650004000523710004400563BRCA_806720190320210122.0020414s--------nyua###f##---#001-0#eng-# aeng anyu 4aN620b.C38 510aGreat old master prints & drawingsb1500-1800. Catalogue 42. aNueva YorkbWilliam H. Schab Gallery a152 p.bil., (algunas a color)c29 cm. aY90 aVer también CEF58, CEF59, DD38, CEF78 e Y91 aIncluye índice alfabético aCatálogo de subasta inventariado por Banco de México como libro14aArtes decorativasvCatálogos14aArtevSubastas14aArtevColeccionistas y coleccioneszEstados Unidos14aGalerías y museoszEstados Unidos2 aGalería William H. Schab (Nueva York)